Essai sur l'organisation du travail et l'avenir des classes laborieuses

Salvato in:
Dettagli Bibliografici
Autore principale: Morín, Théodore (auteur)
Natura: Libro
Lingua:francese
Pubblicazione: París Marc Aurel 1845
Soggetti:
Tags: Aggiungi Tag
Nessun Tag, puoi essere il primo ad aggiungerne!!

MARC

LEADER 00000nam a2200000 a 4500
001 UCR4467
003 CL-VaPUC
008 980307e18450000FR |||||||||||||||||fre|d
082 0 4 |a 331  |b MOR  |2 21 
100 |a Morín, Théodore  |e auteur  |9 404641 
245 1 0 |a Essai sur l'organisation du travail et l'avenir des classes laborieuses 
300 |a 590 p 
942 |c BK 
945 |d 19980307 00:00:00  |a aolguin 
260 |a París  |b Marc Aurel  |c 1845 
650 0 |a Trabajo  |9 313876 
650 0 |a Condiciones de trabajo   |9 359118 
650 7 |a ORGANIZACION DEL TRABAJO  |2 CL-VaPUC  |9 404642 
650 0 |a Producción   |9 263680 
650 0 |a Distribución de la riqueza  |9 404226 
650 0 |a Población  |9 257577 
650 7 |a PROBLEMA SOCIAL  |2 CL-VaPUC  |9 404643 
650 0 |a Religión   |9 255164 
650 7 |a CARIDAD  |2 CL-VaPUC  |9 307339 
583 |a last modification  |c 19980307 00:00:00  |k Rodrigo Vera 
999 |c 267408  |d 267406 
952 |0 0  |1 0  |4 0  |6 331_000000000000000_MOR_1845  |7 0  |8 X  |9 299701  |a BIBDER  |b BIBDER  |d 2019-11-20  |i 1956507  |o 331 MOR 1845  |p 1956507  |r 2023-01-25  |w 2019-11-20  |y BK_X  |k DER